قريش تساهم في بناء الكعبة المشرفة / (رقم التسجيلة. 47263)

تفاصيل مارك
000 -LEADER
fixed length control field 00688nam a22001937a 4500
005 - DATE AND TIME OF LATEST TRANSACTION
control field 20251108170719.0
008 - FIXED-LENGTH DATA ELEMENTS--GENERAL INFORMATION
fixed length control field 250721s1995 xx 000 0 ara d
082 14 - DEWEY DECIMAL CLASSIFICATION NUMBER
Classification number ط/218.421/عسا
100 1# - MAIN ENTRY--PERSONAL NAME
Personal name عساني، يوسف عبد الكريم
245 10 - TITLE STATEMENT
Title قريش تساهم في بناء الكعبة المشرفة /
264 1# - PRODUCTION, PUBLICATION, DISTRIBUTION, MANUFACTURE, AND COPYRIGHT NOTICE
Place of production, publication, distribution, manufacture حلب :
Name of producer, publisher, distributor, manufacturer دار القلم العربي،
Date of production, publication, distribution, manufacture, or copyright notice 1995.
300 ## - PHYSICAL DESCRIPTION
Extent 16ص
490 0# - SERIES STATEMENT
Series statement فجر الهدى و الإيمان : مكة المكرمة عبر التاريخ ؛5
650 17 - SUBJECT ADDED ENTRY--TOPICAL TERM
Topical term or geographic name as entry element الأماكن المقدسة
650 17 - SUBJECT ADDED ENTRY--TOPICAL TERM
Topical term or geographic name as entry element الكعبة
653 ## - INDEX TERM--UNCONTROLLED
Uncontrolled term اطفال مرحلة متوسطة (6-9) سنوات
942 ## - ADDED ENTRY ELEMENTS (KOHA)
Source of classification or shelving scheme Dewey Decimal Classification
Koha item type كتب
المقتنيات
حالة السحب حالة الفقدان مصدر التصنيف حالة التلف غير قابل للإعارة المكتبة الرئيسية المكتبة الحالية موقع الرف تاريخ التزويد الرقم المتسلسل Total Checkouts رقم الإستدعاء الباركود تاريخ آخر ظهور تاريخ الفاتورة نوع المادة (كوها)
    Dewey Decimal Classification     مكتبة البشائر للأطفال مكتبة البشائر للأطفال الإعارة 28/07/2025 527853   ط/218.421/عسا 527853 28/07/2025 28/07/2025 كتب
    Dewey Decimal Classification     مكتبة الأميرة ايمان العامة مكتبة الأميرة ايمان العامة الأطفال 21/12/2013 628247   ط/218.421/عسا PLD00290882 28/07/2025 21/12/2013 كتب
    Dewey Decimal Classification     مكتبة الأميرة سلمى مكتبة الأميرة سلمى الأطفال 28/07/2025 567042   ط/218.421/عسا 567042 28/07/2025 28/07/2025 كتب
    Dewey Decimal Classification     مكتبة الياسمين للأطفال مكتبة الياسمين للأطفال الأطفال 30/03/2014 558345   ط/218.421/عسا PLD00297145 28/07/2025 30/03/2014 كتب
    Dewey Decimal Classification     مكتبة حمزة العامة مكتبة حمزة العامة الأطفال 07/03/2018 1668005   ط/218.421/عسا PLD00419049 28/07/2025 07/03/2018 كتب
    Dewey Decimal Classification     مكتبةمؤتة مكتبةمؤتة الأطفال 21/06/2014 628215   ط/218.421/عسا PLD00329656 28/07/2025 21/06/2014 كتب
Implemented & Customized by: BBB with SCIT (Smart Chains for Information Technology)

Powered by Koha